Seaways of the empire (Record no. 552572)

000 -LEADER
fixed length control field 00888cam a2200205K 4500
082 04 - DEWEY DECIMAL CLASSIFICATION NUMBER
Classification number 386
Author Mark SAR
-- D
100 1# - MAIN ENTRY--PERSONAL NAME
Personal name Sargent, A. J.
9 (RLIN) 49814
245 10 - TITLE STATEMENT
Title Seaways of the empire
Remainder of title notes on the geography of transport,
Statement of responsibility, etc. by A.J. Sargent.
260 ## - PUBLICATION, DISTRIBUTION, ETC.
Place of publication, distribution, etc. London,
Name of publisher, distributor, etc. A. & C. Black,
Date of publication, distribution, etc. 1918.
300 ## - PHYSICAL DESCRIPTION
Extent 1 online resource (xii, 171 p.)
Other physical details illus. (maps) diagrs.
505 0# - FORMATTED CONTENTS NOTE
Formatted contents note South Africa.--Australasia.--India and the Far East.--Suez and Panama.--North and South America.--The Mediterranean and the Black Sea.--The North Sea and the Baltic.
526 ## - STUDY PROGRAM INFORMATION NOTE
Program name 0
Interest level 0
Reading level 0
Title point value 386_000000000000000_SAR
650 #0 - SUBJECT ADDED ENTRY--TOPICAL TERM
Topical term or geographic name entry element Commercial geography.
9 (RLIN) 49815
650 #0 - SUBJECT ADDED ENTRY--TOPICAL TERM
Topical term or geographic name entry element Communication and traffic.
9 (RLIN) 49816
650 #0 - SUBJECT ADDED ENTRY--TOPICAL TERM
Topical term or geographic name entry element MCE
9 (RLIN) 379
650 #0 - SUBJECT ADDED ENTRY--TOPICAL TERM
Topical term or geographic name entry element Shipping
Geographic subdivision Great Britain.
9 (RLIN) 49817
650 #0 - SUBJECT ADDED ENTRY--TOPICAL TERM
Topical term or geographic name entry element Transportation
Geographic subdivision Great Britain.
9 (RLIN) 38561
856 40 - ELECTRONIC LOCATION AND ACCESS
Uniform Resource Identifier <a href="http://catalog.hathitrust.org/api/volumes/oclc/4507187.html">http://catalog.hathitrust.org/api/volumes/oclc/4507187.html</a>
942 ## - ADDED ENTRY ELEMENTS (KOHA)
Source of classification or shelving scheme
Koha item type Book
Holdings
Withdrawn status Lost status Source of classification or shelving scheme Damaged status Not for loan Permanent Location Current Location Shelving location Date acquired Total Checkouts Full call number Barcode Date last seen Price effective from Koha item type
          Military College of Engineering (MCE) Military College of Engineering (MCE)   01/19/2015   386 SAR MCE-ECS/28 01/19/2015 01/19/2015 Book
© 2023 Central Library, National University of Sciences and Technology. All Rights Reserved.